Tự chữa bệnh bằng cây thuốc nam thông dụng, dễ tìm

Enregistré dans:
Détails bibliographiques
Auteur principal: Nguyễn Văn Phấn
Format: Livre
Langue:Undetermined
Publié: Thanh Hóa Thanh Hóa 2001
Sujets:
Tags: Ajouter un tag
Pas de tags, Soyez le premier à ajouter un tag!
Thư viện lưu trữ: Trung tâm Học liệu Trường Đại học Cần Thơ
LEADER 00588nam a2200193Ia 4500
001 CTU_65071
008 210402s9999 xx 000 0 und d
020 |b 16000 
082 |a 615.882 
082 |b Ph121 
100 |a Nguyễn Văn Phấn 
245 0 |a Tự chữa bệnh bằng cây thuốc nam thông dụng, dễ tìm 
245 0 |c Nguyễn Văn Phấn và Tấn Cường 
260 |a Thanh Hóa 
260 |b Thanh Hóa 
260 |c 2001 
650 |a folk medicine 
904 |i Minh 
980 |a Trung tâm Học liệu Trường Đại học Cần Thơ